Chelsea players (2010-2020) - Statistics

General Stats
  • This quiz has been taken 65 times
  • The average score is 66 of 100
Answer Stats
Rank Player Positions Nationality Matches Goals (assists) Period % Correct
17 Ashley Cole LB 118 1 (13) 2010-2014
100%
2 Eden Hazard LW 245 85 (57) 2012-2019
100%
6 John Terry CB 183 22 (4) 2010-2017
100%
34 Michael Essien DM 52 3 (4) 2010-2012, 2013-2014
100%
9 Petr Cech GK 149 0 (1) 2010-2015
100%
4 Branislav Ivanovic RB 217 21 (16) 2010-2017
98%
1 César Azpilicueta CB 271 8 (32) 2012-2020
98%
7 David Luiz CB 160 11 (6) 2010-2014, 2016-2019
98%
22 Didier Drogba ST 88 20 (15) 2010-2012, 2014-2015
98%
20 Frank Lampard CM 109 42 (12) 2010-2014
98%
14 N'Golo Kanté DM 127 9 (6) 2016-2020
98%
15 Thibaut Courtois GK 126 0 (0) 2014-2018
98%
3 Willian LW 234 37 (35) 2013-2020
98%
5 Gary Cahill CB 191 13 (3) 2011-2019
96%
28 Jorginho DM 68 6 (2) 2018-2020
96%
24 Juan Mata AM 82 18 (27) 2011-2014
96%
11 Cesc Fàbregas CM 138 15 (41) 2014-2019
94%
46 Demba Ba ST 33 7 (1) 2012-2014
94%
21 Diego Costa ST 89 52 (16) 2014-2017
94%
30 Mateo Kovacic CM 63 1 (5) 2018-2020
94%
16 Nemanja Matic DM 121 4 (16) 2013-2017
94%
13 Oscar AM 131 21 (19) 2012-2017
94%
38 Álvaro Morata ST 47 16 (6) 2017-2019
91%
32 Andreas Christensen CB 57 0 (0) 2014-2015, 2017-2020
91%
25 Antonio Rüdiger CB 80 5 (1) 2017-2020
91%
10 John Obi Mikel DM 139 1 (4) 2010-2016
91%
12 Pedro RW 137 29 (16) 2015-2020
91%
8 Ramires CM 159 17 (10) 2010-2016
91%
74 Romelu Lukaku ST 10 0 (1) 2011-2012, 2013-2014
91%
19 Fernando Torres ST 110 20 (18) 2010-2014
89%
18 Marcos Alonso LB 113 19 (12) 2016-2020
89%
67 Mohamed Salah RW 13 2 (1) 2013-2015
89%
42 Nicolas Anelka ST 41 7 (5) 2010-2012
89%
54 Christian Pulisic RW 25 9 (6) 2019-2020
87%
29 Florent Malouda LW 64 15 (7) 2010-2012
85%
40 André Schürrle LW 44 11 (2) 2013-2015
83%
57 Samuel Eto'o ST 21 9 (2) 2013-2014
83%
23 Victor Moses RW 87 7 (7) 2012-2013, 2016-2019
83%
55 Reece James RB 24 0 (2) 2019-2020
81%
27 Kepa Arrizabalaga GK 69 0 (0) 2018-2020
79%
43 Mason Mount AM 37 7 (6) 2019-2020
79%
41 Salomon Kalou LW 43 11 (4) 2010-2012
79%
75 Willy Caballero GK 10 0 (0) 2017-2020
79%
58 Asmir Begovic GK 19 0 (0) 2015-2017
77%
64 Gonzalo Higuaín ST 14 5 (0) 2018-2019
77%
39 Bosingwa RB 47 1 (2) 2010-2012
74%
31 Olivier Giroud ST 58 13 (5) 2017-2020
74%
71 Bertrand Traoré RW 10 2 (1) 2015-2016
72%
73 Radamel Falcao ST 10 1 (0) 2015-2016
72%
49 Emerson LB 30 0 (1) 2017-2020
70%
83 Kevin De Bruyne AM 3 0 (1) 2013-2014
70%
26 Kurt Zouma CB 75 1 (1) 2014-2017, 2019-2020
70%
66 Juan Cuadrado RM 13 0 (0) 2014-2016
68%
37 Michy Batshuayi ST 48 8 (3) 2016-2018, 2019-2020
68%
44 Tammy Abraham ST 36 15 (4) 2015-2016, 2019-2020
68%
35 Daniel Sturridge ST 50 12 (3) 2010-2013
66%
62 Filipe Luís LB 15 0 (0) 2014-2015
64%
59 Alex CB 18 2 (0) 2010-2012
62%
65 Yossi Benayoun RW 14 1 (0) 2010-2013
62%
92 Armando Broja ST 1 0 (0) 2019-2020
60%
48 Raúl Meireles CM 31 2 (3) 2011-2013
60%
53 Davide Zappacosta RM 26 1 (1) 2017-2019
57%
47 Loïc Rémy ST 32 8 (0) 2014-2016
57%
50 Paulo Ferreira RB 29 0 (2) 2010-2013
57%
33 Ruben Loftus-Cheek CM 53 7 (4) 2014-2017, 2018-2020
57%
51 Tiemoué Bakayoko DM 29 2 (2) 2017-2018
57%
81 Mark Schwarzer GK 4 0 (0) 2013-2014
55%
76 Nathan Aké CB 7 0 (1) 2012-2015, 2016-2017
55%
36 Ross Barkley CM 50 4 (9) 2017-2020
55%
52 Ryan Bertrand LB 28 0 (1) 2010-2014
55%
61 Abdul Rahman Baba LB 15 0 (1) 2015-2016
53%
68 Danny Drinkwater CM 12 1 (0) 2017-2018
53%
78 Marko Marin AM 6 1 (1) 2012-2013
51%
69 Yuriy Zhirkov LM 12 0 (2) 2010-2011
51%
45 Callum Hudson-Odoi LW 34 1 (6) 2017-2020
49%
77 Billy Gilmour DM 6 0 (0) 2019-2020
47%
60 Fikayo Tomori CB 16 1 (0) 2015-2016, 2019-2020
45%
85 Alexandre Pato ST 2 1 (0) 2015-2016
43%
93 Ethan Ampadu CB 1 0 (0) 2017-2018
40%
88 Marco van Ginkel CM 2 0 (0) 2013-2014
40%
84 Ola Aina RB 3 0 (0) 2016-2017
40%
72 Nathaniel Chalobah DM 10 0 (1) 2016-2017
38%
56 Oriol Romeu DM 22 0 (0) 2011-2013
38%
91 Tomas Kalas CB 2 0 (0) 2013-2014
38%
98 Lucas Piazón AM 1 0 (1) 2012-2013
36%
86 Hilário GK 2 0 (0) 2011-2012
34%
63 Kenedy LW 15 1 (0) 2015-2017
34%
99 Tariq Lamptey RB 1 0 (0) 2019-2020
32%
89 Matt Miazga CB 2 0 (0) 2015-2016
26%
96 Jérémie Boga LW 1 0 (0) 2017-2018
23%
70 Josh McEachran CM 11 0 (0) 2010-2012
21%
80 Ross Turnbull GK 5 0 (0) 2011-2013
21%
79 Gaël Kakuta AM 5 0 (0) 2010-2011
19%
87 Jeffrey Bruma CB 2 0 (0) 2010-2011
15%
100 Tino Anjorin AM 1 0 (0) 2019-2020
13%
94 Izzy Brown LW 1 0 (0) 2014-2015
11%
95 Jake Clarke-Salter CB 1 0 (0) 2015-2016
11%
82 Charly Musonda Jr. LW 3 0 (1) 2017-2018
9%
90 Sam Hutchinson DM 2 0 (0) 2011-2012
9%
97 John Swift AM 1 0 (0) 2013-2014
4%
No matching quizzes found
Score Distribution
Percent of People with Each Score
Percentile by Number Answered
Your Score History
You have not taken this quiz